[Event "Calvia Amateur op 14th"]
[Site "Calvia"]
[Date "2017.10.11"]
[Round "5"]
[White "Rubina, Mari"]
[Black "Sanchez Lopez, Alejandro"]
[Result "1/2-1/2"]
[WhiteElo "1269"]
[BlackElo "1833"]
[PlyCount "42"]
[EventDate "2017.10.07"]
[EventType "swiss"]
[EventRounds "9"]
[EventCountry "ESP"]
[SourceTitle "CBM 181 Extra"]
[Source "ChessBase"]
[SourceDate "2017.12.12"]
[SourceVersion "1"]
[SourceVersionDate "2017.12.12"]
[SourceQuality "1"]

1. d4 d5 2. Bf4 Nf6 3. e3 c5 4. Nf3 Nc6 5. c3 Nh5 6. Bg3 Bg4 7. Nbd2 Nxg3 8. hxg3 e5 9. dxe5 Nxe5 10. Qa4+ Bd7 11. Qf4 Ng6 12. Qg5 Qb6 13. Qxd5 Be6 14. Qd3 Qxb2 15. Rb1 Qxa2 16. Qb5+ Bd7 17. Qxb7 Rd8 18. Bc4 Qa4 19. Qd5 Rc8 20. Qxf7+ Kd8 21. Qd5 Qc6 1/2-1/2

[Event "Calvia Amateur op 14th"]
[Site "Calvia"]
[Date "2017.10.07"]
[Round "1"]
[White "Ponce Cano, Adrian"]
[Black "Sanchez Lopez, Alejandro"]
[Result "1-0"]
[WhiteElo "2272"]
[BlackElo "1833"]
[PlyCount "55"]
[EventDate "2017.10.07"]
[EventType "swiss"]
[EventRounds "9"]
[EventCountry "ESP"]
[SourceTitle "CBM 181 Extra"]
[Source "ChessBase"]
[SourceDate "2017.12.12"]
[SourceVersion "1"]
[SourceVersionDate "2017.12.12"]
[SourceQuality "1"]

1. e4 d6 2. Nf3 Nf6 3. c3 Nbd7 4. Qc2 e5 5. d4 Be7 6. h3 0-0 7. Be3 c6 8. Be2 b6 9. g4 exd4 10. Nxd4 Bb7 11. g5 Ne8 12. h4 g6 13. Nd2 Nc7 14. f4 Re8 15. h5 Bf8 16. 0-0-0 c5 17. N4f3 d5 18. hxg6 hxg6 19. f5 gxf5 20. exf5 Rxe3 21. f6 Re4 22. Nxe4 dxe4 23. Ne5 Nxe5 24. Rxd8 Rxd8 25. Ba6 Bxa6 26. Qh2 Nd3+ 27. Kb1 Bg7 28. Qh7+ 1-0

[Event "Santa Margalida Mallorca-ch"]
[Site "Santa Margalida"]
[Date "2016.11.19"]
[Round "4"]
[White "Sanchez Lopez, Alejandro"]
[Black "Ferrer Mygina, Juan"]
[Result "1-0"]
[WhiteElo "1815"]
[BlackElo "1608"]
[PlyCount "65"]
[EventDate "2016.11.11"]
[EventType "swiss"]
[EventRounds "8"]
[EventCountry "ESP"]
[SourceTitle "EXT 2018"]
[Source "ChessBase"]
[SourceDate "2017.10.13"]
[SourceVersion "1"]
[SourceVersionDate "2017.10.13"]
[SourceQuality "1"]

1. e4 e5 2. f4 exf4 3. Nf3 d5 4. exd5 Nf6 5. Bb5+ c6 6. dxc6 bxc6 7. Ba4 Bd6 8. Qe2+ Qe7 9. Qxe7+ Bxe7 10. d4 Bd6 11. h3 0-0 12. Nbd2 Re8+ 13. Kf2 Bb7 14. c3 Nbd7 15. Bc2 c5 16. Nc4 Bc7 17. Bd2 Ne4+ 18. Bxe4 Bxe4 19. Rhe1 cxd4 20. cxd4 f6 21. Na3 a6 22. Rac1 Rac8 23. Bxf4 Bxf4 24. Rxc8 Rxc8 25. Rxe4 Bc1 26. Re2 Nb6 27. Ne1 Nd5 28. Nd3 Bh6 29. g3 Kf7 30. Nc5 Rc6 31. Nc4 g6 32. Nb7 Rxc4 33. Nd6+ 1-0

[Event "Santa Margalida Mallorca-ch"]
[Site "Santa Margalida"]
[Date "2016.11.12"]
[Round "2"]
[White "Sanchez Lopez, Alejandro"]
[Black "Escudero Ricart, Pol"]
[Result "1-0"]
[WhiteElo "1815"]
[BlackElo "1605"]
[PlyCount "48"]
[EventDate "2016.11.11"]
[EventType "swiss"]
[EventRounds "8"]
[EventCountry "ESP"]
[SourceTitle "EXT 2018"]
[Source "ChessBase"]
[SourceDate "2017.10.13"]
[SourceVersion "1"]
[SourceVersionDate "2017.10.13"]
[SourceQuality "1"]

1. e4 e5 2. d4 exd4 3. c3 dxc3 4. Bc4 cxb2 5. Bxb2 d5 6. Bxd5 Nf6 7. Bxf7+ Kxf7 8. Qxd8 Bb4+ 9. Qd2 Bxd2+ 10. Nxd2 Re8 11. Ngf3 Nc6 12. 0-0 Bg4 13. Rac1 Bxf3 14. gxf3 Rad8 15. Nb3 Nh5 16. Kh1 Nf4 17. Rg1 g6 18. Rg4 Nd3 19. Rc2 h5 20. Rg3 Nxb2 21. Rxb2 Rd7 22. Kg2 Red8 23. f4 Nb4 24. Nc5 Rd4 1-0

[Event "Campos Migjorn op"]
[Site "Campos"]
[Date "2016.09.30"]
[Round "7"]
[White "Escudero Ricart, Pol"]
[Black "Sanchez Lopez, Alejandro"]
[Result "0-1"]
[WhiteElo "1621"]
[BlackElo "1815"]
[PlyCount "96"]
[EventDate "2016.09.09"]
[EventType "swiss"]
[EventRounds "8"]
[EventCountry "ESP"]
[SourceTitle "EXT 2017"]
[Source "ChessBase"]
[SourceDate "2016.10.25"]
[SourceVersion "1"]
[SourceVersionDate "2016.10.25"]
[SourceQuality "1"]

1. e4 e5 2. Nf3 Nc6 3. d4 exd4 4. Nxd4 Qh4 5. Nc3 Bb4 6. Be2 Qxe4 7. Ndb5 Nf6 8. Nxc7+ Kd8 9. Nxa8 Qxg2 10. Bf3 Re8+ 11. Be3 Qh3 12. Bxc6 bxc6 13. Qd3 Qf3 14. Rf1 Re5 15. Qe2 Qd5 16. Rd1 Qa5 17. a3 Bxc3+ 18. bxc3 Bb7 19. Nb6 Qxc3+ 20. Qd2 Qxd2+ 21. Kxd2 axb6 22. Bxb6+ Kc8 23. a4 d6 24. Rfe1 Rf5 25. Kc1 Kd7 26. c4 c5 27. h3 Rf4 28. a5 Rxc4+ 29. Kb2 Nd5 30. Rxd5 Bxd5 31. Re3 Re4 32. Rd3 Bc4 33. Rd1 Kc6 34. Kc3 Ba6 35. Bd8 f6 36. Rb1 Bb5 37. Ra1 Re8 38. Bb6 g5 39. Rh1 d5 40. h4 d4+ 41. Kd2 g4 42. Re1 Rxe1 43. Kxe1 h5 44. Bd8 f5 45. Bg5 c4 46. Bf6 Kd5 47. Kd2 Ke4 48. Bg5 f4 0-1

[Event "Campos Migjorn op"]
[Site "Campos"]
[Date "2016.09.16"]
[Round "3"]
[White "Artigues, Sebastian"]
[Black "Sanchez Lopez, Alejandro"]
[Result "0-1"]
[WhiteElo "1753"]
[BlackElo "1815"]
[PlyCount "70"]
[EventDate "2016.09.09"]
[EventType "swiss"]
[EventRounds "8"]
[EventCountry "ESP"]
[SourceTitle "EXT 2017"]
[Source "ChessBase"]
[SourceDate "2016.10.25"]
[SourceVersion "1"]
[SourceVersionDate "2016.10.25"]
[SourceQuality "1"]

1. e4 e5 2. Nf3 Nc6 3. Bb5 d6 4. h3 Nf6 5. Nc3 a6 6. Ba4 b5 7. Bb3 b4 8. Nd5 Nxe4 9. d3 Nc5 10. Bc4 Bb7 11. d4 Nd7 12. Qe2 Be7 13. Be3 Na5 14. dxe5 dxe5 15. Rd1 0-0 16. Nxe5 Nxe5 17. Nf6+ Bxf6 18. Rxd8 Raxd8 19. Bd3 Bxg2 20. Rg1 Nf3+ 21. Kd1 Nxg1 22. Qe1 Nf3 23. Qxb4 Nc6 24. Qe4 g6 25. Qxc6 Bxb2 26. h4 Ne1 27. Qc4 Nxd3 28. cxd3 Bf1 29. Qc2 Bg7 30. Bg5 Rd5 31. Qxc7 Bxd3 32. Kd2 Bf5+ 33. Ke1 Re8+ 34. Be3 Bg4 35. Kf1 Bf3 0-1

[Event "Campos Migjorn op"]
[Site "Campos"]
[Date "2016.09.09"]
[Round "1"]
[White "Ermachenko, Manuel"]
[Black "Sanchez Lopez, Alejandro"]
[Result "0-1"]
[WhiteElo "1531"]
[BlackElo "1815"]
[PlyCount "70"]
[EventDate "2016.09.09"]
[EventType "swiss"]
[EventRounds "8"]
[EventCountry "ESP"]
[SourceTitle "EXT 2017"]
[Source "ChessBase"]
[SourceDate "2016.10.25"]
[SourceVersion "1"]
[SourceVersionDate "2016.10.25"]
[SourceQuality "1"]

1. e4 e5 2. Nf3 Nc6 3. Bb5 Nge7 4. c3 g6 5. d4 exd4 6. cxd4 Bg7 7. 0-0 0-0 8. Nc3 d5 9. exd5 Nxd5 10. Bxc6 bxc6 11. Ne5 c5 12. dxc5 Nxc3 13. Qxd8 Ne2+ 14. Kh1 Rxd8 15. Nc6 Re8 16. Be3 Bxb2 17. Rab1 Bc3 18. Nb4 Bf5 19. Rb3 Rab8 20. Nd5 Rxb3 21. axb3 c6 22. Nxc3 Nxc3 23. h3 Nd5 24. Bd4 Re4 25. Bb2 Rb4 26. Re1 Be6 27. Ra1 Rxb3 28. Be5 f6 29. Bd6 Rb7 30. g4 g5 31. Kg2 Nc7 32. Re1 Kf7 33. Kg3 Rb3+ 34. f3 Nb5 35. Rd1 Bd5 0-1